Введение в интеллектуальную собственность

Bibliographic Details
Main Author: Вьюнник А. В. Анна Викторовна
Other Authors: Зырянов И. В. Игорь Владимирович, Сафьянникова Т. Б. Тамара Борисовна
Summary:В книге адаптированы понятия и процессы в области интеллектуальной собственности для понимания широкого круга специалистов различного профиля. Рассмотрены объекты авторского, патентного права и средства индивидуализации. Приведены примеры, взятые из практики работы с интеллектуальной собственностью в одной из крупнейших горно-обогатительных компаний. Изложены принципы обеспечения охраны результатов интеллектуальной деятельности и особенности оформления заявочных материалов. Для специалистов горно-добывающих предприятий, проектных, конструкторских и научно-исследовательских организаций, а также вузов, ведущих подготовку кадров для горно-добывающей промышленности.
Language:Russian
Published: Новосибирск, Изд-во СО РАН, 2014
Subjects:
Format: MixedMaterials Book
KOHA link:https://koha.lib.tpu.ru/cgi-bin/koha/opac-detail.pl?biblionumber=262854

MARC

LEADER 00000nam0a2200000 4500
001 262854
005 20231101233706.0
010 |a 9785769213267 
035 |a (RuTPU)RU\TPU\book\285837 
090 |a 262854 
100 |a 20140604d2014 k y0rusy50 ca 
101 0 |a rus 
102 |a RU 
105 |a a z 001zy 
200 1 |a Введение в интеллектуальную собственность  |f А. В. Вьюнник, И. В. Зырянов, Т. Б. Сафьянникова 
210 |a Новосибирск  |c Изд-во СО РАН  |d 2014 
215 |a 219 с.  |c ил. 
320 |a Библиогр.: с. 155-161. 
330 |a В книге адаптированы понятия и процессы в области интеллектуальной собственности для понимания широкого круга специалистов различного профиля. Рассмотрены объекты авторского, патентного права и средства индивидуализации. Приведены примеры, взятые из практики работы с интеллектуальной собственностью в одной из крупнейших горно-обогатительных компаний. Изложены принципы обеспечения охраны результатов интеллектуальной деятельности и особенности оформления заявочных материалов. Для специалистов горно-добывающих предприятий, проектных, конструкторских и научно-исследовательских организаций, а также вузов, ведущих подготовку кадров для горно-добывающей промышленности. 
606 |a Интеллектуальная собственность  |x Право  |2 stltpush  |3 (RuTPU)RU\TPU\subj\12805  |9 39522 
610 1 |a авторское право 
610 1 |a смежные права 
610 1 |a патентное право 
610 1 |a патентные права 
610 1 |a средства индивидуализации 
610 1 |a правовое регулирование 
610 1 |a международное сотрудничество 
610 1 |a горно-добывающая промышленность 
610 1 |a использование 
686 |a Х623.3  |v LBC/SL-A  |2 rubbk 
700 1 |a Вьюнник  |b А. В.  |g Анна Викторовна 
701 1 |a Зырянов  |b И. В.  |g Игорь Владимирович 
701 1 |a Сафьянникова  |b Т. Б.  |g Тамара Борисовна 
801 1 |a RU  |b 63413507  |c 20140604 
801 2 |a RU  |b 63413507  |c 20141110  |g RCR 
942 |c BK 
959 |a 101/20140604  |d 1  |e 730,00  |f ЧЗГЛ:1